[Event "Match"]
[Site "www.echecsemail.com"]
[Date "2015.04.11"]
[Round "1"]
[White "Pablincho"]
[Black "Yangqi"]
[WhiteElo "1700"]
[BlackElo "1599"]
[Result "0-1"]
[Round "1"]
1.e4 Ng8f6
2.Nb1c3 e5
3.Bf1c4 Nf6xe4
4.Nc3xe4 d5
5.Bc4xd5 Qd8xd5
6.Qd1f3 Nb8c6
7.Ng1e2 f5
8.Ne2c3 fxe4
9.Nc3xe4 Bf8e7
10.Ne4f6 Be7xf6
11.Qf3xd5 Bc8d7
12.O-O O-O-O
13.c3 h5
14.h3 g5
15.g3 Bd7xh3
16.Qd5e4 Bh3xf1
17.Kxf1 Rd8f8
18.d3 h4
19.Bc1xg5 Bf6xg5
20.Qe4g4 Kb8
21.Qg4xg5 hxg3
22.Ke2 Rh8g8
 { time }
0-1

[Event "Match"]
[Site "www.echecsemail.com"]
[Date "2015.04.11"]
[Round "1"]
[White "Iko"]
[Black "Generalfree"]
[WhiteElo "1490"]
[BlackElo "1740"]
[Result "0-1"]
[Round "1"]
1.e4 c5
2.e5 Nb8c6
3.Ng1f3 Qd8c7
4.Qd1e2 g6
5.Qe2c4 Nc6xe5
6.Qc4c3 Bf8g7
7.d4 Ne5xf3
8.gxf3 Bg7xd4
9.Qc3c4 Qc7e5
10.Bf1e2 Bd4xb2
11.Bc1xb2 Qe5xb2
12.Qc4c3 Qb2xc3
13.Nb1xc3 a6
14.Nc3e4 d6
15.O-O-O b5
16.Rh1g1 Bc8e6
17.a3 c4
18.Rd1d4 Ng8h6
19.Rg1g5 Nh6f5
20.Rd4d2 f6
21.Rg5g2 d5
22.Ne4c5 Be6f7
23.c3 O-O
24.Nc5d7 Rf8d8
25.Nd7c5 Ra8a7
26.Rg2g1 Rd8c8
27.Be2xc4 Rc8xc5
28.Bc4d3 Rc5xc3
29.Kb2 Rc3xd3
30.Rd2xd3 e5
31.Rd3c3 d4
32.Rc3c8 Kg7
33.Rg1c1 Nf5h4
34.Rc1c6 Nh4xf3
35.Rc6d6 f5
36.Rd6d8 Nf3xh2
37.Kc2 Nh2g4
38.f3 Ng4f6
39.Kd3 Bf7c4
40.Kd2 Ra7d7
41.Rd8h8 Bc4e6
42.Rh8e8 Nf6xe8
43.Rc8xe8 Be6f7
44.Re8xe5 d3
45.f4 Rd7d4
46.Re5c5 Bf7c4
47.Rc5c7 Kh6
48.Kc3 Rd4xf4
49.Kb4 d2
50.Rc7d7 Bc4e6
51.Kc5 Be6xd7
52.a4 d1Q
53.a5 Qd1d4

0-1

[Event "1/128 Finale"]
[Site "www.chess-mail.com"]
[Date "2015.04.11"]
[Round "1"]
[White "Averoes"]
[Black "Maredocla"]
[WhiteElo "2120"]
[BlackElo "1970"]
[Result "1-0"]
[Round "1"]
1.d4 b6
2.c4 g6
3.Nb1c3 Bf8g7
4.e4 c6
5.Ng1f3 Bc8b7
6.Bc1e3 e6
7.Bf1d3 Nb8a6
8.O-O Ng8e7
9.a3 O-O
10.Qd1d2 d5
11.cxd5 cxd5
12.e5 Ra8c8
13.g4 h6
14.Be3xh6 Ne7c6
15.Bh6xg7 Kxg7
16.Nc3e2 Rf8h8
17.Ne2f4 Qd8e7
18.h4 Rh8xh4
19.Nf3xh4 Qe7xh4
20.f3 Qh4g3
21.Nf4g2 Rc8h8
22.Ra1c1 Nc6xd4
23.Bd3xa6 Nd4b3
24.Qd2e2 Bb7xa6
25.Qe2xa6 Nb3d2
26.Qa6e2 Nd2xf1
27.Rc1xf1 Rh8h2
28.f4 Qg3h3
29.g5 Rh2h1
30.Kf2 Rh1h2
31.Rf1g1 Qh3h4
32.Kf1 Qh4h3
33.Ke1 Qh3g3
34.Qe2f2 Qg3d3
35.Qf2d2 Qd3b1
36.Kf2 Qb1e4
37.Kg3 Rh2h5
38.Rg1e1 Qe4f5
39.Ng2h4 Rh5xh4
40.Kxh4 a6
41.Kg3 a5
42.b4 axb4
43.axb4 b5
44.Qd2e2 Kg8
45.Qe2xb5 Qf5c2
46.Qb5c5 Qc2d2
47.Re1e3 d4
48.Re3f3 Qd2e1
49.Rf3f2 Qe1g1
50.Kf3 Qg1h1
51.Ke2 Qh1e4
52.Kd1 Qe4d3
53.Rf2d2 Qd3b1
54.Qc5c1 Qb1xb4
55.Qc1b2 Qb4a4
56.Ke1 d3
57.Rd2xd3 Qa4xf4
58.Qb2d4 Qf4f5
59.Ke2 Qf5xg5
60.Qd4d8 Qg5xd8
61.Rd3xd8 Kg7
62.Kf3 Kh6
63.Kg4 Kh7
64.Kg5 Kg7
65.Rd8e8 { resign }
1-0

[Event "Eq:Angels of Checkmate-Slap Shot Mates : "]
[Site "www.chess-mail.com"]
[Date "2015.04.11"]
[Round "1"]
[White "Tatar"]
[Black "Haukia"]
[WhiteElo "2700"]
[BlackElo "2190"]
[Result "1-0"]
[Round "1"]
1.Ng1f3 Ng8f6
2.c4 c5
3.Nb1c3 Nb8c6
4.d4 cxd4
5.Nf3xd4 e6
6.Nd4b5 d5
7.Bc1f4 e5
8.cxd5 exf4
9.dxc6 bxc6
10.Qd1xd8 Kxd8
11.Ra1d1 Bc8d7
12.Nb5d6 Bf8xd6
13.Rd1xd6 Ra8b8
14.b3 Rb8b4
15.g3 Ke7
16.Rd6d2 Rh8d8
17.Bf1g2 c5
18.gxf4 Rb4xf4
19.e4 Bd7e6
20.Rd2xd8 Kxd8
21.h4 Nf6d7
22.Ke2 c4
23.Ke3 Rf4f6
24.b4 Nd7e5
25.f3 h5
26.a4 Kc7
27.a5 Ne5c6
28.Nc3b5 Kc8
29.Bg2f1 c3
30.Nb5xc3 Nc6xb4
31.Nc3b5 Nb4c2
32.Kd2 Nc2b4
33.Nb5d4 Be6d7
34.Bf1c4 Nb4c6
35.Nd4xc6 Bd7xc6
36.Ke3 Bc6e8
37.Bc4d5 Kd8
38.Rh1g1 g6
39.e5 Rf6a6
40.Rg1a1 f6
41.f4 Be8d7
42.Kd4 Bd7c8
43.Bd5e4 { resign }
1-0

[Event "Eq:CONFOEDERATIONIS HELVETICAE-Team USA : "]
[Site "www.chess-mail.com"]
[Date "2015.04.11"]
[Round "1"]
[White "Cl3537"]
[Black "Agmac"]
[WhiteElo "1370"]
[BlackElo "2560"]
[Result "0-1"]
[Round "1"]
1.e4 e5
2.Ng1f3 Nb8c6
3.Nb1c3 Ng8f6
4.d3 d5
5.exd5 Nf6xd5
6.Bf1e2 Bf8e7
7.O-O O-O
8.Bc1e3 Nd5xe3
9.fxe3 a6
10.d4 exd4
11.exd4 Be7f6
12.a3 Nc6xd4
13.Nf3xd4 Qd8xd4
14.Qd1xd4 Bf6xd4
15.Kh1 Bc8e6
16.Be2f3 c6
17.Rf1e1 Ra8d8
18.Ra1d1 g6
19.Rd1d2 Bd4xc3
20.bxc3 Rd8xd2
21.h3 Rd2xc2
22.Bf3d1 Rc2xc3
23.a4 Rc3c1
24.g4 Rf8d8
25.Kg2 Rc1xd1
26.Re1e2 c5
27.Re2c2 Rd1d2
28.Rc2xd2 Rd8xd2
29.Kf3 c4
30.Ke3 Rd2d8
31.a5 c3
32.Kf3 c2
33.Ke4 c1Q
34.Ke5 Qc1e3
35.Kf6 Qe3f4
36.Ke7 Qf4g5

0-1

[Event "Eq:Slap Shot Mates-BEAC Hungary : "]
[Site "www.chess-mail.com"]
[Date "2015.04.11"]
[Round "1"]
[White "Stevefillion"]
[Black "Tatar"]
[WhiteElo "2320"]
[BlackElo "2700"]
[Result "0-1"]
[Round "1"]
1.e4 g6
2.d4 Bf8g7
3.Ng1f3 d6
4.Bf1c4 a6
5.Bc4b3 e6
6.O-O Ng8e7
7.c3 O-O
8.Bc1g5 h6
9.Bg5f4 Nb8d7
10.Qd1c1 g5
11.Bf4e3 d5
12.e5 Ne7f5
13.Bb3c2 Nf5xe3
14.Qc1xe3 f5
15.exf6 Qd8xf6
16.Qe3d3 g4
17.Qd3h7 Kf7
18.Nf3e5 Nd7xe5
19.dxe5 Qf6xe5
20.Qh7g6 Ke7
21.Qg6xg4 Bc8d7
22.Nb1d2 Rf8f4
23.Qg4g3 Qe5g5
24.Nd2f3 Qg5xg3
25.hxg3 Rf4f8
26.Nf3h4 Kd6
27.Nh4g6 Rf8g8
28.Ng6h4 b5
29.Ra1b1 a5
30.Rf1d1 c5
31.Kf1 c4
32.Nh4f3 b4
33.Nf3d4 Rg8b8
34.a3 Kc5
35.Nd4e2 Rb8b6
36.Ke1 b3
37.Bc2h7 Ra8h8
38.Bh7g6 e5
39.Bg6h5 Bd7f5
40.Rb1c1 Bf5c2
41.Rd1d2 d4
{ resign }
0-1

[Event "Eq:chibcha-Equipo Juan Diaz : "]
[Site "www.chess-mail.com"]
[Date "2015.04.11"]
[Round "1"]
[White "Paes19"]
[Black "Astigitana"]
[WhiteElo "2040"]
[BlackElo "2450"]
[Result "0-1"]
[Round "1"]
1.e4 c5
2.Nb1c3 Nb8c6
3.Ng1f3 d6
4.d4 cxd4
5.Nf3xd4 Ng8f6
6.Bf1b5 Bc8d7
7.O-O e6
8.Bc1g5 Bf8e7
9.f4 Qd8b6
10.Bb5xc6 Bd7xc6
11.Kh1 h6
 { time }
0-1

[Event "Tourn. n8185"]
[Site "www.chess-mail.com"]
[Date "2015.04.12"]
[Round "1"]
[White "Jose"]
[Black "Woodpusher2"]
[WhiteElo "2700"]
[BlackElo "2600"]
[Result "1/2-1/2"]
[Round "1"]
1.g3 c6
2.Bf1g2 d5
3.Ng1f3 Bc8g4
4.O-O e6
5.c4 Nb8d7
6.cxd5 exd5
7.d3 Bf8d6
8.e4 Ng8e7
9.exd5 Ne7xd5
10.Rf1e1 Nd5e7
11.Qd1a4 Bg4xf3
12.Bg2xf3 O-O
13.d4 Rf8e8
14.Nb1c3 Nd7b6
15.Qa4c2 Qd8d7
16.Bc1g5 h6
17.Bg5xe7 Re8xe7
18.Re1xe7 Bd6xe7
19.Ra1d1 Qd7c7
20.Qc2b3 Ra8d8
21.d5 cxd5
22.Bf3xd5 Be7f6
{ draw }
1/2-1/2

[Event "Tourn. n7986"]
[Site "www.chess-mail.com"]
[Date "2015.04.12"]
[Round "1"]
[White "Difficult"]
[Black "Andychesston"]
[WhiteElo "1900"]
[BlackElo "1760"]
[Result "1-0"]
[Round "1"]
1.Ng1f3 d5
2.d4 Ng8f6
3.Nb1c3 Nb8c6
4.Bc1g5 g6
5.Nf3e5 Bf8g7
6.e3 Nc6xe5
7.dxe5 Nf6g4
8.Qd1xd5 Qd8xd5
9.Nc3xd5 Bg7xe5
10.h3 Ng4xf2
11.Kxf2 f6
12.Bg5f4 Ra8b8
13.Bf4xe5 fxe5
14.Nd5xc7 Kf7
15.Bf1c4 Kg7
16.Rh1f1 b6
17.Ke2 Kh6
18.g4 Kg5
19.Kf3 h5
20.Rf1g1 Bc8b7
21.Kf2 Rh8f8
22.Ke2 Rf8f3
23.Nc7d5 e6
24.gxh5 Kxh5
25.Kxf3 exd5
26.Bc4e2 Kh6
27.Kg3 Rb8c8
28.c3 a6
29.Rg1f1 b5
30.Be2g4 Rc8d8
31.Rf1f7 Bb7c6
32.Ra1f1 Bc6e8
33.Rf7a7 Rd8d6
34.Rf1f8 Be8c6
35.h4 g5
36.hxg5 Kxg5
37.Rf8f5 Kh6
38.Kh4 d4
39.exd4 e4
40.Rf5f7 Kg6
41.Bg4f5 Kh6
42.Rf7h7 
1-0

[Event "Tourn. n8087"]
[Site "www.chess-mail.com"]
[Date "2015.04.12"]
[Round "1"]
[White "Fabos12"]
[Black "Falcoale"]
[WhiteElo "1910"]
[BlackElo "1830"]
[Result "0-1"]
[Round "1"]
1.e4 c5
2.Nb1c3 e6
3.Ng1f3 Nb8c6
4.d4 cxd4
5.Nf3xd4 a6
6.Bf1e2 Bf8e7
7.O-O Ng8f6
8.Bc1g5 h6
9.Bg5h4 O-O
10.Nd4xc6 bxc6
11.f4 Rf8e8
12.Bh4xf6 Be7xf6
13.e5 Bf6e7
14.Nc3e4 f5
15.Ne4d6 Be7xd6
16.exd6 a5
17.c4 Qd8b6
18.Rf1f2 Bc8b7
19.Be2h5 Re8f8
20.b3 Rf8f6
 { time }
0-1

[Event "Tourn. n8122"]
[Site "www.chess-mail.com"]
[Date "2015.04.12"]
[Round "1"]
[White "Vitoriccardo"]
[Black "Odrum1"]
[WhiteElo "1630"]
[BlackElo "1410"]
[Result "1-0"]
[Round "1"]
1.e4 e5
2.Ng1f3 Nb8c6
3.Bf1c4 Ng8f6
4.Nf3g5 d5
5.exd5 Nc6d4
6.c3 Nd4f5
7.d4 exd4
8.cxd4 Bc8d7
9.O-O Bf8d6
10.Rf1e1 Nf5e7
11.Nb1c3 O-O
12.Ng5e4 Nf6xe4
13.Nc3xe4 Bd7f5
14.Qd1f3 Ne7g6
15.Qf3xf5 Ng6h4
16.Qf5g4 Bd6e7
17.Bc1g5 Be7xg5
18.Ne4xg5 Qd8d6
19.Qg4xh4 h6
20.Ng5f3 Rf8e8
21.Nf3e5 Ra8d8
22.Qh4h5 Re8f8
23.Qh5f3 a6
24.Ra1c1 c6
25.dxc6 bxc6
26.Ne5xf7 Qd6xd4
27.Nf7xh6 Kh8
28.Nh6f7 Kh7
29.Qf3h5 Kg8
30.Qh5h8 
1-0

[Event "Tourn. n8027"]
[Site "www.chess-mail.com"]
[Date "2015.04.12"]
[Round "1"]
[White "Colchester"]
[Black "Samael"]
[WhiteElo "1820"]
[BlackElo "2090"]
[Result "1-0"]
[Round "1"]
1.b3 e5
2.Bc1b2 d6
3.e4 Ng8f6
4.Nb1c3 Nb8c6
5.Ng1f3 Bf8e7
6.Bf1b5 Bc8d7
7.O-O O-O
8.d3 a6
9.Bb5xc6 Bd7xc6
10.Nc3e2 h6
11.Ne2g3 Bc6d7
12.Rf1e1 Ra8c8
13.Qd1e2 c5
14.h3 b5
15.a3 a5
16.Ra1d1 b4
17.a4 Nf6h7
18.Bb2c1 Nh7g5
19.Nf3xg5 Be7xg5
20.Bc1xg5 Qd8xg5
21.Qe2f3 g6
22.Qf3e3 Qg5xe3
23.Re1xe3 f5
24.exf5 Bd7xf5
25.Re3f3 Bf5e6
26.Rf3xf8 Rc8xf8
27.f3 Kg7
28.Rd1e1 Be6d7
29.Ng3e4 d5
30.Ne4xc5 { resign }
1-0

[Event "Tourn. n8096"]
[Site "www.chess-mail.com"]
[Date "2015.04.12"]
[Round "1"]
[White "Fabos12"]
[Black "Korbacik"]
[WhiteElo "1890"]
[BlackElo "1809"]
[Result "0-1"]
[Round "1"]
1.e4 c5
2.Ng1f3 d6
3.Bf1c4 e6
4.Nb1c3 Nb8c6
5.d4 cxd4
6.Nf3xd4 Ng8f6
7.Bc1g5 Bf8e7
8.Bg5h4 Qd8b6
9.Nd4b3 O-O
10.O-O Bc8d7
11.Kh1 Nc6e5
12.Bc4e2 Ne5g6
13.Bh4g3 Ra8c8
14.f4 Rc8xc3
15.bxc3 Nf6xe4
16.Rf1f3 Rf8c8
17.Bg3e1 Be7f6
18.Nb3d4 e5
19.fxe5 Ng6xe5
20.Rf3e3 d5
21.Ra1b1 Qb6c7
22.Kg1 b6
23.Nd4b5 { time. }
0-1

[Event "Tourn. n8116"]
[Site "www.chess-mail.com"]
[Date "2015.04.12"]
[Round "1"]
[White "Neverless"]
[Black "Winterlude"]
[WhiteElo "2680"]
[BlackElo "2530"]
[Result "1/2-1/2"]
[Round "1"]
1.e4 e5
2.Ng1f3 Nb8c6
3.Bf1c4 Bf8c5
4.c3 Ng8f6
5.d3 a6
6.Bc4b3 d6
7.O-O Bc5a7
8.Rf1e1 h6
9.Nb1d2 O-O
10.h3 Nf6h5
11.Nd2f1 Qd8f6
12.Bc1e3 Ba7xe3
13.Nf1xe3 Nc6e7
14.d4 Nh5f4
15.h4 exd4
16.cxd4 Bc8e6
17.Bb3c2 Qf6g6
18.g3 f5
19.d5 Nf4h3
20.Kg2 fxe4
21.dxe6 Rf8xf3
22.Kxh3 Ra8f8
23.Re1f1 Qg6xe6
24.Kg2 d5
25.Qd1d4 c5
26.Qd4d2 Ne7f5
27.Ne3xf5 Qe6xf5
{ draw }
1/2-1/2

[Event "Tourn. n7986"]
[Site "www.chess-mail.com"]
[Date "2015.04.12"]
[Round "1"]
[White "Andychesston"]
[Black "Yakke"]
[WhiteElo "1760"]
[BlackElo "1770"]
[Result "1-0"]
[Round "1"]
1.e4 c5
2.Ng1f3 d6
3.d4 Nb8d7
4.Bf1b5 Qd8a5
5.Nb1c3 g6
6.O-O Bf8g7
7.Bc1e3 Ng8f6
8.a4 Qa5b4
9.Ra1b1 Nf6g8
10.Nc3d5 Qb4a5
11.Be3d2 Qa5d8
12.dxc5 dxc5
13.Bd2f4 a6
14.Bb5xd7 Bc8xd7
15.Nd5c7 Kf8
16.Nc7xa8 Qd8xa8
17.Qd1xd7 Ng8f6
18.Qd7c7 Nf6xe4
19.Rf1e1 b5
20.Nf3g5 Bg7f6
21.Ng5xe4 Kg7
22.Ne4xf6 exf6
23.Re1e7 Qa8d5
24.Re7d7 Qd5c4
25.axb5 axb5
26.Rb1c1 g5
27.Bf4e3 Rh8e8
28.b3 Qc4c3
29.Rd7xf7 Kg6
30.Rf7g7 Kf5
31.Rg7xh7 Re8xe3
32.Qc7d7 Ke5
33.Rh7e7 Kf4
34.fxe3 Qc3xe3
35.Re7xe3 Kxe3
36.Rc1e1 Kf4
37.Qd7xb5 Kg4
38.Qb5xc5 Kh5
39.h3 Kg6
40.g4 Kh6
41.Re1e6 Kg6
42.Qc5e7 Kh6
43.Qe7xf6 Kh7
44.Re6e7 Kg8
45.Qf6g7 
1-0

[Event "Tourn. n7862"]
[Site "www.chess-mail.com"]
[Date "2015.04.12"]
[Round "1"]
[White "Nimzo"]
[Black "Ingauno64"]
[WhiteElo "2630"]
[BlackElo "2510"]
[Result "1/2-1/2"]
[Round "1"]
1.d4 Nb8c6
2.d5 Nc6e5
3.e4 e6
4.f4 Ne5g6
5.dxe6 fxe6
6.Ng1f3 d5
7.e5 Ng8h6
8.Bf1d3 Bf8e7
9.c3 O-O
10.g3 c5
11.Bc1e3 Bc8d7
12.Nb1d2 Qd8c7
13.O-O Nh6g4
14.Qd1e2 Ra8d8
15.Be3f2 Ng4xf2
16.Rf1xf2 Bd7e8
17.b3 Ng6h8
18.c4 Nh8f7
19.cxd5 exd5
20.Ra1e1 g6
21.Nd2f1 Nf7h6
22.Nf1e3 Be8c6
23.e6 Rd8e8
24.Nf3e5 Be7f6
25.Ne3g4 Nh6xg4
26.Qe2xg4 Re8e7
27.h4 Qc7a5
28.Re1e2 Bf6xe5
29.Re2xe5 Qa5c3
30.Bd3f1 Rf8f6
31.h5 c4
32.Bf1h3 Qc3c1
33.Rf2f1 Qc1c3
34.Qg4h4 d4
35.bxc4 h6
36.f5 gxf5
37.Bh3xf5 Re7g7
38.g4 d3
39.Qh4g3 Qc3xc4
40.e7 Rf6xf5
41.Re5xf5 Kh7
42.Rf5f4 Qc4d5
43.Kh2 d2
44.Rf1d1 Rg7xe7
45.Qg3f2 { draw }
1/2-1/2

[Event "Tourn. n8174"]
[Site "www.chess-mail.com"]
[Date "2015.04.12"]
[Round "1"]
[White "Grimsby"]
[Black "Gambitchess"]
[WhiteElo "1700"]
[BlackElo "1760"]
[Result "1/2-1/2"]
[Round "1"]
1.e4 c5
2.Nb1c3 Nb8c6
3.Bf1b5 g6
4.Bb5xc6 dxc6
5.Ng1f3 Bf8g7
6.O-O Ng8f6
7.d3 { draw }
1/2-1/2

[Event "Tourn. n8103"]
[Site "www.chess-mail.com"]
[Date "2015.04.12"]
[Round "1"]
[White "Faerieking"]
[Black "Difficult"]
[WhiteElo "2170"]
[BlackElo "2110"]
[Result "1-0"]
[Round "1"]
1.e4 e6
2.d4 d5
3.Nb1c3 dxe4
4.Nc3xe4 Bc8d7
5.f4 Bd7c6
6.Ne4f2 Ng8f6
7.Ng1f3 Bc6xf3
8.Qd1xf3 Nb8c6
9.c3 Bf8e7
10.Bf1d3 Qd8d5
11.Nf2e4 O-O
12.O-O Qd5d7
13.Bc1e3 Nf6d5
14.Be3d2 a6
15.f5 exf5
16.Ne4c5 Be7xc5
17.Bd3xf5 Qd7d8
18.dxc5 Nd5f6
19.Bd2g5 h6
20.Bg5h4 Rf8e8
21.Ra1d1 Qd8e7
22.b4 Ra8d8
23.Rd1e1 Qe7f8
24.Re1xe8 Rd8xe8
25.Bh4xf6 gxf6
26.Bf5d7 { resign }
1-0

[Event "Tourn. n8067"]
[Site "www.chess-mail.com"]
[Date "2015.04.12"]
[Round "1"]
[White "Fabos12"]
[Black "Groz"]
[WhiteElo "1880"]
[BlackElo "1989"]
[Result "0-1"]
[Round "1"]
1.e4 c6
2.Nb1c3 d5
3.exd5 cxd5
4.d4 Nb8c6
5.Ng1f3 Ng8f6
6.Bf1b5 Bc8d7
7.Nf3e5 e6
8.Bc1g5 Bf8e7
9.O-O O-O
10.f4 h6
11.Bg5xf6 Be7xf6
12.Ne5xd7 Qd8xd7
13.Bb5xc6 bxc6
14.Nc3a4 Qd7c7
15.Na4c5 Bf6e7
16.b4 Be7xc5
17.bxc5 Ra8b8
18.Qd1h5 Rb8b2
19.c3 Qc7a5
20.f5 exf5
21.Qh5xf5 Qa5xc3
22.Qf5e5 Qc3d2
23.Qe5g3 Rb2xa2
24.Ra1d1 Qd2g5
25.Qg3xg5 hxg5
26.Rf1f2 Ra2xf2
27.Kxf2 a5
 { time }
0-1

[Event "Tourn. n8055"]
[Site "www.chess-mail.com"]
[Date "2015.04.12"]
[Round "1"]
[White "Snebur56"]
[Black "Krasin"]
[WhiteElo "2360"]
[BlackElo "2300"]
[Result "1-0"]
[Round "1"]
1.e4 e6
2.d4 d5
3.Nb1d2 Ng8f6
4.e5 Nf6d7
5.Bf1d3 c5
6.c3 Nb8c6
7.Ng1e2 cxd4
8.cxd4 f6
9.exf6 Nd7xf6
10.Nd2f3 Bf8d6
11.O-O O-O
12.Bc1f4 Bd6xf4
13.Ne2xf4 Nf6e4
14.Nf4e2 Rf8xf3
15.gxf3 Ne4g5
16.f4 Ng5h3
17.Kh1 Qd8h4
18.Qd1d2 Nh3xf2
19.Kg2 Nf2g4
20.h3 Ng4f6
21.Qd2e3 Nf6e4
22.Bd3xe4 dxe4
23.Qe3xe4 e5
24.Rf1f3 Bc8d7
25.Qe4d5  { time }
1-0

[Event "Tourn. n8043"]
[Site "www.chess-mail.com"]
[Date "2015.04.12"]
[Round "1"]
[White "Groz"]
[Black "Hundegana"]
[WhiteElo "1809"]
[BlackElo "1920"]
[Result "1-0"]
[Round "1"]
1.d4 d6
2.e4 g6
3.Ng1f3 Bc8g4
4.Bf1e2 Bf8g7
5.O-O a6
6.h3 Bg4xf3
7.Be2xf3 c6
8.c3 Ng8f6
9.Nb1d2 O-O
10.Rf1e1 e5
11.Qd1b3 b5
12.Nd2f1 Nb8d7
13.Bc1g5 h6
14.Bg5xf6 Bg7xf6
15.Ra1d1 a5
16.Nf1e3 Kg7
17.Ne3g4 a4
18.Qb3c2 Bf6g5
19.dxe5 h5
20.Ng4f6 Nd7xe5
21.Nf6xh5 Kh6
22.Nh5g3 Ne5xf3
23.gxf3 Bg5f4
24.e5 d5
25.Rd1d4 Bf4xg3
26.fxg3 Ra8a7
27.f4 Ra7e7
28.g4 Re7e6
29.Qc2d2 Kg7
30.f5 gxf5
31.gxf5 Re6h6
32.f6 Kh7
33.Kh2 Rf8g8
34.Qd2d3 Rg8g6
35.Re1g1 Qd8e8
36.Rg1xg6 Rh6xg6
37.Rd4h4 Kg8
38.Qd3f5 Qe8e6
39.Qf5h5 Kf8
40.Qh5h8 Rg6g8
41.Qh8h6 Ke8
42.Qh6f4 Kd8
43.Rh4g4 Rg8xg4
44.hxg4 Kc7
45.Qf4d4 Kb7
46.Kg3 Qe6d7
47.Kf4 Qd7c7
48.Qd4c5 Ka6
49.g5 Qc7d7
50.Qc5d6 Qd7e8
51.Qd6e7 Qe8g8
52.Qe7c7 Qg8e8
53.Qc7e7 Qe8g8
54.Qe7d7 Kb6
55.e6 fxe6
56.f7 e5
57.Kxe5 Qg8xg5
58.Qd7f5 Qg5g7
59.Qf5f6 Qg7g3
60.Ke6 Qg3e3
61.Kd6 Qe3g3
62.Kd7 Qg3c7
63.Ke8 Qc7h2
64.f8Q Qh2xb2
65.Qf6d4 Ka6
66.Qf8c5 Qb2e2
67.Kd8 { resign }
1-0

[Event "Tourn. n8143"]
[Site "www.chess-mail.com"]
[Date "2015.04.12"]
[Round "1"]
[White "Cardiff"]
[Black "Picifarkinca"]
[WhiteElo "1980"]
[BlackElo "1920"]
[Result "0-1"]
[Round "1"]
1.d4 Ng8f6
2.Ng1f3 d5
3.c4 dxc4
4.e3 c5
5.Bf1xc4 e6
6.O-O cxd4
7.exd4 Bf8e7
8.Nb1c3 O-O
9.d5 exd5
10.Nc3xd5 Nf6xd5
11.Bc4xd5 Nb8c6
12.Bd5xc6 bxc6
13.Qd1c2 Bc8a6
14.Rf1d1 Qd8b6
15.Bc1e3 Qb6b5
16.Nf3d4 Qb5b7
17.Nd4xc6 Be7f6
18.Nc6d4 Ra8c8
19.Qc2b3 Qb7e4
20.Qb3a4 Ba6b7
{ resign }
0-1

[Event "Tourn. n8115"]
[Site "www.chess-mail.com"]
[Date "2015.04.12"]
[Round "1"]
[White "Cathar"]
[Black "Krasin"]
[WhiteElo "2230"]
[BlackElo "2300"]
[Result "1-0"]
[Round "1"]
1.e4 c5
2.Ng1f3 Nb8c6
3.d4 cxd4
4.Nf3xd4 e5
5.Nd4b5 Ng8f6
6.Nb1c3 a6
7.Nb5d6 Bf8xd6
8.Qd1xd6 Qd8e7
9.Qd6xe7 Nc6xe7
10.Bc1g5 b5
11.O-O-O Bc8b7
12.f3 Ra8c8
13.Bf1e2 b4
14.Nc3a4 d5
15.Na4b6 Rc8c5
16.Bg5xf6 gxf6
17.Nb6xd5 Ne7xd5
18.exd5 Kd7
19.Rd1d2 Kd6
20.Rh1d1 Rh8c8
21.Be2d3 h6
22.Bd3e4 a5
23.g4 a4
24.Kb1  { time }
1-0

[Event "Tourn. n8161"]
[Site "www.chess-mail.com"]
[Date "2015.04.12"]
[Round "1"]
[White "Hansen"]
[Black "Julianlore"]
[WhiteElo "1440"]
[BlackElo "1499"]
[Result "0-1"]
[Round "1"]
1.e4 e5
2.Ng1f3 Nb8c6
3.a3 Ng8f6
4.d3 d5
5.Nb1c3 dxe4
6.dxe4 Qd8xd1
7.Nc3xd1 Nf6xe4
8.h3 Bf8d6
9.Bf1b5 Bc8d7
10.a4 O-O
11.Nd1e3 a6
12.Bb5d3 Ne4c5
13.Bd3c4 Nc6d4
14.b4 Nc5xa4
15.Nf3g5 Bd6xb4
16.Kf1 b5
17.Bc4d5 Ra8d8
18.Bd5b7 a5
19.Ne3d5 Bd7f5
20.Nd5xc7 Nd4xc2
21.Ra1a2 Rd8d1
22.Ke2 Na4c3
23.Kf3 Nc2d4
24.Kg3 Rd1xh1
25.Ra2b2 Rh1xc1
26.Kh4 h6
27.Ng5f3 Nc3e2
28.Nf3xe5 Bb4e7
29.Kh5 Ne2f4
{ resign }
0-1

[Event "Tourn. n8109"]
[Site "www.chess-mail.com"]
[Date "2015.04.12"]
[Round "1"]
[White "Jjmcbride"]
[Black "Ruko"]
[WhiteElo "1810"]
[BlackElo "1850"]
[Result "1-0"]
[Round "1"]
1.b3 e5
2.e4 Ng8f6
3.f3 Bf8c5
4.Ng1e2 Nb8c6
5.c3 d6
6.d4 exd4
7.Ne2xd4 Nc6xd4
8.cxd4 Bc5b4
9.Bc1d2 Bb4xd2
10.Nb1xd2 O-O
11.Bf1d3 Rf8e8
12.O-O c5
13.d5 Qd8b6
14.Nd2c4 Qb6c7
15.Qd1d2 b5
16.Nc4e3 Bc8d7
17.Ra1c1 Ra8c8
18.b4 c4
19.a4 a6
20.Rf1e1 Qc7b6
21.Bd3f1 Rc8c7
22.Kh1 Re8c8
23.a5 Qb6a7
24.Qd2c3 h6
25.e5 dxe5
26.Qc3xe5  { time }
1-0

[Event "Tourn. n8172"]
[Site "www.chess-mail.com"]
[Date "2015.04.12"]
[Round "1"]
[White "Umzi"]
[Black "Bevittsmith"]
[WhiteElo "2110"]
[BlackElo "2250"]
[Result "0-1"]
[Round "1"]
1.e4 e6
2.d4 d5
3.e5 c5
4.c3 Nb8c6
5.Ng1f3 Bc8d7
6.Bf1e2 Ng8e7
7.O-O Ra8c8
8.Bc1g5 Qd8b6
9.Bg5xe7 Bf8xe7
10.Qd1d2 a6
11.g4 Nc6a7
12.h4 Bd7b5
13.g5 Bb5xe2
14.Qd2xe2 O-O
15.b3 cxd4
16.cxd4 f6
17.gxf6 gxf6
18.Kh2 fxe5
19.dxe5 Rf8f4
20.Kh3 Qb6b4
21.Nb1d2 Rf4xh4
22.Nf3xh4 Qb4xh4
23.Kg2 Kh8
{ resign }
0-1

[Event "Tourn. n8017"]
[Site "www.chess-mail.com"]
[Date "2015.04.12"]
[Round "1"]
[White "Pretorian"]
[Black "Pgcbies"]
[WhiteElo "2530"]
[BlackElo "2840"]
[Result "1/2-1/2"]
[Round "1"]
1.d4 c5
2.d5 e5
3.e4 d6
4.Bf1d3 Ng8f6
5.c4 Bf8e7
6.Ng1e2 Nf6h5
7.O-O O-O
8.Nb1c3 Be7g5
9.Bd3c2 Nb8d7
10.Qd1d3 g6
11.a3 Nh5f4
12.Qd3f3 Nf4xe2
13.Qf3xe2 Bg5xc1
14.Ra1xc1 Kg7
15.Qe2e3 Nd7f6
16.Bc2d1 b6
17.Qe3g3 Bc8a6
18.b3 Qd8e7
19.Bd1e2 Ra8b8
20.Rc1e1 Nf6d7
21.Be2d1 b5
22.cxb5 Ba6xb5
23.Nc3xb5 Rb8xb5
24.Qg3c3 Kg8
25.Re1e3 Rb5b7
26.Re3h3 Rf8b8
{ draw }
1/2-1/2

[Event "Tourn. n7998"]
[Site "www.chess-mail.com"]
[Date "2015.04.12"]
[Round "1"]
[White "Generalfree"]
[Black "Forest"]
[WhiteElo "1850"]
[BlackElo "1630"]
[Result "0-1"]
[Round "1"]
1.e4 e5
2.Ng1f3 Ng8f6
3.Nb1c3 Nb8c6
4.b3 Bf8b4
5.Bc1b2 d6
6.Bf1c4 O-O
7.Nc3d5 Nf6xd5
8.Bc4xd5 Bc8g4
9.h3 Bg4xf3
10.Qd1xf3 Bb4c5
11.O-O-O a5
12.a3 Qd8d7
13.d3 Ra8b8
14.g4 Nc6e7
15.Bd5c4 b5
16.Bc4d5 Ne7xd5
17.exd5 b4
18.a4 f5
19.g5 Rb8e8
20.Rh1e1 g6
21.h4 e4
22.Qf3g2 exd3
23.Re1xe8 Rf8xe8
24.Rd1xd3 Re8e4
25.Qg2g3 Re4g4
26.Qg3h2 Qd7e7
27.Rd3d1 Qe7e4
28.Rd1h1 Rg4g2
29.Qh2h3 Rg2xf2
30.Qh3d3 Qe4xh1
31.Qd3d1 Bc5e3
32.Kb1 Qh1xd1
33.Ka2 Qd1xc2
{ resign }
0-1

[Event "Tourn. n8144"]
[Site "www.chess-mail.com"]
[Date "2015.04.12"]
[Round "1"]
[White "Dominiquer"]
[Black "Ruko"]
[WhiteElo "1830"]
[BlackElo "1880"]
[Result "1-0"]
[Round "1"]
1.e4 e5
2.Ng1f3 Nb8c6
3.Bf1c4 Bf8c5
4.b4 Bc5b6
5.a4 a6
6.Nb1c3 Ng8f6
7.d4 Bb6xd4
8.Nf3xd4 Nc6xd4
9.Bc1g5 h6
10.Bg5h4 c6
11.O-O O-O
12.f4 d6
13.fxe5 dxe5
14.Bh4xf6 gxf6
15.Qd1h5  { time }
1-0

[Event "Tourn. n8140"]
[Site "www.chess-mail.com"]
[Date "2015.04.12"]
[Round "1"]
[White "Jjmcbride"]
[Black "Ruko"]
[WhiteElo "1830"]
[BlackElo "1850"]
[Result "1-0"]
[Round "1"]
1.e4 e5
2.Ng1f3 Nb8c6
3.b3 Ng8f6
4.Bc1b2 d6
5.Nb1c3 Bf8e7
6.d4 exd4
7.Nf3xd4 Nc6xd4
8.Qd1xd4 O-O
9.O-O-O Bc8d7
10.h3 c5
11.Qd4e3 b5
12.Nc3xb5 a5
13.Nb5xd6 Qd8c7
14.e5  { time }
1-0

[Event "Tourn. n8007"]
[Site "www.chess-mail.com"]
[Date "2015.04.12"]
[Round "1"]
[White "Malbertan"]
[Black "Difficult"]
[WhiteElo "1950"]
[BlackElo "1990"]
[Result "1/2-1/2"]
[Round "1"]
1.e4 e5
2.Ng1f3 Nb8c6
3.Bf1c4 Bf8c5
4.b4 Bc5b6
5.b5 Nc6a5
6.Nf3xe5 Na5xc4
7.Ne5xc4 Bb6xf2
8.Kf1 Bf2d4
9.c3 Qd8f6
10.Qd1f3 Qf6xf3
11.gxf3 Bd4f6
12.d4 d6
13.Bc1e3 h6
14.Rh1g1 Bc8d7
15.a4 a6
16.b6 O-O-O
17.bxc7 Kxc7
18.d5 Bd7h3
19.Ke2 Kd7
20.f4 h5
21.e5 dxe5
22.fxe5 Bf6h4
23.Rg1xg7 Bh3g4
24.Kd2 Ke8
25.Nc4d6 Rd8xd6
26.exd6 Bh4f6
27.d7 Kf8
28.Rg7g5 Ng8h6
29.Be3c5 Bf6e7
30.Bc5xe7 Kxe7
31.c4 Kxd7
32.Nb1c3 Rh8c8
33.Kd3 Bg4f5
34.Kd4 Bf5g6
35.Nc3e4 Nh6f5
36.Kd3 Nf5d6
37.Rg5xg6 fxg6
38.Ne4xd6 Kxd6
39.Kd4 Rc8f8
40.c5 Kd7
41.Ra1g1 Rf8g8
42.Rg1b1 Kc7
43.Rb1b6 g5
44.Rb6h6 h4
45.Rh6h7 Kc8
46.Ke5 Rg8e8
47.Kf6 Re8e2
48.Kxg5 Re2e5
49.Kxh4 Re5xd5
50.Rh7h5 Rd5d4
51.Kg5 Rd4xa4
52.Kf6 Ra4c4
53.Ke6 a5
54.Kd6 Rc4d4
{ draw }
1/2-1/2

[Event "Match"]
[Site "www.echecsemail.com"]
[Date "2015.04.12"]
[Round "1"]
[White "Ztornad"]
[Black "Paes19"]
[WhiteElo "1740"]
[BlackElo "2010"]
[Result "1-0"]
[Round "1"]
1.e4 e6
2.b3 Bf8c5
3.d4 Qd8f6
4.Ng1f3 Bc5b6
5.Bc1g5 Qf6g6
6.Qd1d2 Qg6xe4
7.Bg5e3 Nb8c6
8.Nb1c3 Qe4g6
9.g3 Ng8e7
10.Bf1d3 f5
11.Nf3e5 Nc6xe5
12.Bd3e2 Ne5g4
13.Be2xg4 fxg4
14.O-O Qg6h5
15.Nc3e4 h6
16.a4 a5
17.c4 O-O
18.c5 Bb6a7
19.Qd2xa5 b6
20.Qa5c3 Rf8f3
21.Ra1c1 Ne7d5
22.Qc3d2 Bc8a6
23.Rf1e1 Ba6b7
24.Ne4c3 Qh5h3
25.Nc3xd5 Bb7xd5
26.Re1e2  { time }
1-0